00249nam a22001097a 4500041000800000082001300008100001800021245002800039260004100067300000900108650002200117 aENG a955bMAC aMac Gregor, M aEncyclopaedia of Persia aUSAb Impact Global Publishingc2013 a1250 aHistory of Persia